000 01513cam a2200421 a 4500
001 2412
003 FISKH
005 20231205114141.0
008 111220s2012 nyua c 000 1 eng
010 _a 2011042548
020 _a9780545335485 (hardcover : alk. paper)
020 _a9780545335492 (pbk. : alk. paper)
020 _a9780545392518 (ebook)
020 _a9780545531535
040 _aDLC
_cDLC
_dDLC
_beng
042 _alcac
_apcc
050 0 0 _aPZ7.J953
_bGee 2012
082 0 0 _a[Fic]
_223
100 1 _aJung, Mike.
245 1 0 _aGeeks, girls, and secret identities /
_cby Mike Jung ; with illustrations by Mike Maihack.
250 _aThis edition first printing, November 2012
260 _aNew York :
_bScholastic,
_c1920
300 _a307 pages :
_billustrations ;
_c20 cm
505 _aS
520 _aTwelve-year-old Vincent and his fellow members of the Captain Stupendous Fan Club help out when someone new becomes Earth's most famous superhero, without knowing anything about him, just as evil Professor Mayhem and his robot arrive in Copperplate City.
521 8 _a790
_bLexile
521 8 _aS
_bRaz-Plus
650 1 _aSuperheroes
_vFiction.
650 1 _aClubs
_vFiction.
650 1 _aRobots
_vFiction.
650 1 _aMiddle schools
_vFiction.
650 1 _aSchools
_vFiction.
650 1 _aHumorous stories.
650 1 _aScience fiction.
700 1 _aMaihack, Mike,
_eillustrator
906 _a7
_bcbc
_corignew
_d1
_eecip
_f20
_gy-gencatlg
942 _2ddc
_cBK
_n0
999 _c2412
_d2412